000
00223nam a22000857a 4500
008
160809b xxu||||| |||| 00| 0 eng d
100
_9
77
_a
Lessen D
245
_a
Scholastic Dinosaurs A to Z
260
_a
New York
_b
Scholastic
_c
2003
999
_c
2731
_d
2731